000 01116nam a2200229Ia 4500
003 Ost
005 20260507075350.0
008 260507s9999||||xx |||||||||||||| ||und||
020 _a4136223977
040 _cfsecg
041 _aara
082 _a330
100 _aيوسف، حسن يوسف
_eمؤلف
245 0 _aالتسويق الالكتروني /
_c حسن يوسف يوسف
260 _aالاسكندرية:
_bالمركز القومي للإصدرات القانونية,
_c2012
300 _a310 صفحة؛
_bإيضاحات ؛
_c24 سم
520 _aالإقتصاد التقليدي- ماهية التسويق- الإطار العام للتسويق- واقع التسويق الإلكتروني في البلدان العربية- مستقبل التسويق الإلكتروني في البلدان العربية- الأنترنت والإقتصاد الجديد- التجارة الإلكترونية مميزاتها وفوائدها
653 _aالأجهزة الإلكترونية
653 _aالتسويق
653 _aالتسويق- الالكتروني
942 _cكتاب
999 _c44129
_d44129